000 01182nam a2200229Ia 4500
001 L800-49109
003 IT-CnALBA
008 170116s9999||||xx |||||||||||||| ||und||
040 _aIT-CnALBA
_cIT-CnALBA
041 _aITALIANO
100 _aFALCIONI GIOVANNA
245 0 _aRICORDI ANCORA IL TEMPO DELLE FAVOLE.
250 _a1a ed.
260 _aPASIAN DI PRATO (UD)
_bCAMPANOTTO E. EDIT
_c1997 [1° Ed.:1997 - Ed.Ling.Originale: 1997]
300 _a193 p.
500 _aALLA RICERCA DELL'AMORE. IL CANTO DELL'AMORE. LA VITA. LETTERA PER LA VITA. PER L'UOMO PER I GIOVANI. RISVEGLIO NELLA VITA DEL SENSO DELLA RESPONSABILITÀ SUSCITATO DALL'AMORE. LA SAPIENZA NEGLI OCCHI DEI BAMBINI. PROBLEMI DEI GIOVANI.
501 _aSocietà San Paolo EM - Piazza San Paolo, 14 - 12051 ALBA (CN) (non commercial uses only) ® Copyright 2017
520 _aALLA RICERCA DELL'AMORE. IL CANTO DELL'AMORE. LA VITA. LETTERA PER LA VITA. PER L'UOMO PER I GIOVANI. RISVEGLIO NELLA VITA DEL SENSO DELLA RESPONSABILITÀ SUSCITATO DALL'AMORE. LA SAPIENZA NEGLI OCCHI DEI BAMBINI. PROBLEMI DEI GIOVANI.
650 _aDIZIONARI E LETTERATURA GENERALE
942 _cBK
957 _71
999 _a55623
_bNO
_g Copie: 1
_c308016
_d308016